Biblioteca y Centro de Documentación

Welfare states and social cohesion in Europe (Registro nro. 47624)

Detalles MARC
000 -CABECERA
Longitud fija campo de control 01087naa a2200277 c 4500
001 - NÚMERO DE CONTROL
Número de control 47624
003 - IDENTIFICADOR DE NÚMERO DE CONTROL
Identificador del número de control ES-MaCES
005 - FECHA Y HORA DE LA ÚLTIMA TRANSACCIÓN
Fecha y hora de la última transacción 20160505131847.0
008 - CAMPO FIJO DE DESCRIPCIÓN FIJA--INFORMACIÓN GENERAL
Códigos de información de longitud fija   160505s2016 uk ||||| t||||||| ||eng d
040 ## - FUENTE DE CATALOGACIÓN
Centro catalogador de origen ES-MaCES
Lengua de catalogación spa
Centro transcriptor ES-MaCES
Centro modificado ES-MaCES
100 1# - ENCABEZAMIENTO PRINCIPAL--NOMBRE PERSONAL
9 (RLIN) 36872
Nombre de persona Andrews, Rhys
245 10 - MENCIÓN DE TÍTULO
Título Welfare states and social cohesion in Europe
Resto del título : does social service quality matter?
Mención de responsabilidad, etc. Rhys Andrews, Sebastian Jilke
500 ## - NOTA GENERAL
Nota general Resumen
504 ## - NOTA DE BIBLIOGRAFÍA, ETC.
Nota de bibliografía, etc. Bibliografía: p. 138-140
650 #4 - ASIENTO SECUNDARIO DE MATERIA--TÉRMINO DE MATERIA
9 (RLIN) 27056
Término de materia o nombre geográfico como elemento inicial servicios sociales
650 #4 - ASIENTO SECUNDARIO DE MATERIA--TÉRMINO DE MATERIA
9 (RLIN) 27029
Término de materia o nombre geográfico como elemento inicial política social
650 #4 - ASIENTO SECUNDARIO DE MATERIA--TÉRMINO DE MATERIA
9 (RLIN) 29481
Término de materia o nombre geográfico como elemento inicial Estado-Benefactor
650 #4 - ASIENTO SECUNDARIO DE MATERIA--TÉRMINO DE MATERIA
9 (RLIN) 30743
Término de materia o nombre geográfico como elemento inicial cohesión social
650 #4 - ASIENTO SECUNDARIO DE MATERIA--TÉRMINO DE MATERIA
9 (RLIN) 28893
Término de materia o nombre geográfico como elemento inicial evaluación
650 #4 - ASIENTO SECUNDARIO DE MATERIA--TÉRMINO DE MATERIA
9 (RLIN) 26752
Término de materia o nombre geográfico como elemento inicial UE
653 10 - TÉRMINO DE INDEXACIÓN--NO CONTROLADO
Término no controlado Asuntos Sociales
700 1# - ENCABEZAMIENTO SECUNDARIO--NOMBRE PERSONAL
9 (RLIN) 36873
Nombre de persona Jilke, Sebastian
773 0# - ENTRADA DE DOCUMENTO FUENTE
Itemnumber del ítem fuente 84338
Lugar, editor y fecha de publicación Cambridge (The Edinburg Building, Shatesbury Road, CB2 2RU), [etc.] Cambridge University Press [ca. 1971]-
Otro identificador del documento 087240
Título Journal of social policy
Número de control del registro relacionado (ES-MaCES)25625
Parte(s) relacionada(s) vol. 45, part. 1 (Jan. 2016) {10620 R. 087240} ;p. 119-140
902 ## - CES. TIPO DE DOCUMENTO
Tipodoc (006$c Sirtex) ART Artículo de revista
942 ## - ELEMENTOS KOHA
Fuente de clasificaión o esquema Clasificación propia del CES
Koha [por defecto] tipo de item Artículos (1982-2017)
Parte de clasificación Asuntos Sociales

No hay ítems disponibles.

© CES, Consejo Económico y Social de España 2021